| 000 | 00594nam a2200193 i 4500 | ||
|---|---|---|---|
| 001 | 43080 | ||
| 003 | ES-MaACL | ||
| 005 | 20231227153119.0 | ||
| 007 | t| | ||
| 008 | 030314s1872 sp ||||1| glg d | ||
| 080 | _a821.134.4-14"18" | ||
| 100 | 1 |
_aCastro, Rosalía de, _d1837-1885 _9147676 |
|
| 245 | 1 | 0 |
_aCantares gallegos / _cRosalía Castro de Murguía. |
| 250 | _aNueva ed. corr. y aum. | ||
| 260 |
_aMadrid : _bLibrería de Leocadio López, ed., _c1872. |
||
| 300 |
_aXI, 230 p. ; _c19 cm. |
||
| 852 |
_aES-MaACL _jG-9224 _z.- Enc. pasta española |
||
| 999 |
_c43080 _d43080 |
||